Indemnisation du chômage et politique de l'emploi.

Francúzsky systém podpory v nezamestnanosti: poistenie a pomoc. Vývoj štruktúry podpory v 4 krajinách s duálnym systémom. Podpora v rámci politiky aktívnej zamestnanosti. Verejné výdavky na program trhu práce. Boj proti nezamestnanosti. (Revue francaise des affaires sociales 1990, č. 3.).

Salvato in:
Dettagli Bibliografici
Autore principale: Garonna, P.
Natura: Capitolo di libro
Lingua:francese
Soggetti:
Tags: Aggiungi Tag
Nessun Tag, puoi essere il primo ad aggiungerne!!

MARC

LEADER 00000naa a2200000 4500
001 r004444
005 20221125091609.5
041 0 |a fre 
044 |a FR 
245 1 0 |a Indemnisation du chômage et politique de l'emploi.  |c P. Garonna 
520 |a Francúzsky systém podpory v nezamestnanosti: poistenie a pomoc. Vývoj štruktúry podpory v 4 krajinách s duálnym systémom. Podpora v rámci politiky aktívnej zamestnanosti. Verejné výdavky na program trhu práce. Boj proti nezamestnanosti. (Revue francaise des affaires sociales 1990, č. 3.). 
610 2 0 |a nezamestnanosť 
610 2 0 |a zamestnanosť 
610 2 0 |a podpory v nezamestnanosti 
610 2 0 |a Francúzsko 
610 2 0 |a svet 
610 2 0 |a výdavky 
610 2 0 |a trh práce 
100 1 |a Garonna, P.